Les prénoms masculins les plus donnés en France - Statistiques

Statistiques générales
  • Ce quiz a été pris 982 fois
  • Le résultat moyen est 57 sur 100
Statistiques - réponses
Rang Prénom % Correct
1 Jean
95%
15 Paul
89%
2 Pierre
88%
7 Louis
85%
45 Marc
80%
26 Julien
79%
3 Michel
79%
39 Antoine
78%
21 François
77%
38 Thomas
77%
24 Christophe
74%
9 Jacques
74%
70 Jules
74%
20 Nicolas
74%
22 Patrick
73%
5 Philippe
73%
35 Alexandre
72%
10 Bernard
69%
68 Kevin
68%
37 Olivier
68%
32 Stéphane
68%
16 Claude
67%
30 Eric
67%
34 Sébastien
67%
8 Alain
66%
17 Christian
66%
28 Laurent
66%
66 Lucas
65%
43 Charles
64%
31 David
64%
69 Mathieu
64%
4 André
63%
29 Frédéric
63%
51 Maxime
63%
48 Guillaume
62%
53 Jean-Pierre
61%
46 Vincent
61%
42 Dominique
60%
23 Gérard
60%
86 Quentin
60%
36 Thierry
60%
12 Daniel
59%
18 Henri
59%
47 Yves
59%
60 Gabriel
58%
19 Georges
58%
77 Hugo
58%
11 Marcel
58%
33 Pascal
58%
14 Robert
58%
55 Romain
58%
96 Théo
57%
97 Xavier
57%
61 Anthony
55%
58 Franck
55%
90 Victor
55%
78 Emmanuel
54%
92 Léon
54%
75 Patrice
54%
6 René
54%
72 Alexis
53%
44 Didier
53%
56 Jerome
53%
95 Arthur
51%
71 Benjamin
51%
63 Clément
51%
67 Denis
51%
88 Damien
50%
98 Fabien
50%
27 Maurice
50%
80 Fabrice
49%
54 Albert
48%
49 Bruno
48%
82 Cédric
48%
85 Florian
48%
59 Gilles
48%
13 Roger
48%
93 Jeremy
47%
89 Benoît
46%
41 Guy
46%
52 Lucien
46%
99 Enzo
44%
84 Raphaël
44%
81 Arnaud
43%
64 Francis
43%
62 Jean-Claude
43%
25 Joseph
43%
79 Adrien
42%
76 Sylvain
42%
50 Serge
41%
40 Raymond
39%
65 Emile
38%
100 Mickael
38%
87 Ludovic
36%
74 Hervé
35%
94 Jean-Luc
35%
73 Joël
35%
57 Gilbert
30%
91 Fernand
28%
83 Roland
26%
Aucun quiz correspondant
Distribution des résultats
% des personnes avec chaque résultat
Percentile par nombre de réponses
Votre historique - résultats
Vous n’avez pas pris ce quiz